Návrh zhotovenia spojov rúrka rúrkovnica : Bakalárska práca

Salvato in:
Dettagli Bibliografici
Autore principale: Tokár, Vlastimil (Autore)
Altri autori: Kozma, Ladislav (xxx)
Natura: Manoscritto Libro
Lingua:slovacco
Pubblicazione: Trnava : STU v Bratislave MtF KZv, 2003
Soggetti:
Tags: Aggiungi Tag
Nessun Tag, puoi essere il primo ad aggiungerne!!

MARC

LEADER 00000ntm a22000003a 4500
001 stu83160
005 20160719154830.5
008 040115s2003----xo------------------slo-d
040 |a STU  |b slo 
041 0 |a slo 
044 |a xo 
100 1 |a Tokár, Vlastimil  |4 aut 
245 1 |a Návrh zhotovenia spojov rúrka rúrkovnica :  |b Bakalárska práca 
260 |a Trnava :  |b STU v Bratislave MtF KZv,  |c 2003 
300 |a 34 s 
650 7 |a zváranie  |2 stusub 
650 7 |a technológie strojárskej výroby  |2 stusub 
700 1 |a Kozma, Ladislav  |4 xxx  |u M140  |T MTF Katedra zvárania  |X 1000601235  |U M140  |Y M140  |7 1000601235 
996 |b 284M054793  |c M*BP-193  |l MMSKP  |s P  |a 0  |w stu83160_0001